<?xml version="1.0" encoding="UTF-8"?>
<record
    xmlns:xsi="http://www.w3.org/2001/XMLSchema-instance"
    xsi:schemaLocation="http://www.loc.gov/MARC21/slim http://www.loc.gov/standards/marcxml/schema/MARC21slim.xsd"
    xmlns="http://www.loc.gov/MARC21/slim">

  <leader>00303nam a22001337a 4500</leader>
  <controlfield tag="003">SGT</controlfield>
  <datafield tag="020" ind1=" " ind2=" ">
    <subfield code="a">978-8173413988</subfield>
  </datafield>
  <datafield tag="082" ind1=" " ind2=" ">
    <subfield code="a">384.3</subfield>
    <subfield code="b">M06S</subfield>
  </datafield>
  <datafield tag="100" ind1=" " ind2=" ">
    <subfield code="a">SINHA, PRAMOD K.</subfield>
  </datafield>
  <datafield tag="245" ind1=" " ind2=" ">
    <subfield code="a">MEDIA WRITING</subfield>
  </datafield>
  <datafield tag="260" ind1=" " ind2=" ">
    <subfield code="a">NEW DELHI</subfield>
    <subfield code="b">INDIAN PUBLISHER  DISTRIBUTOR</subfield>
    <subfield code="c">2006</subfield>
  </datafield>
  <datafield tag="300" ind1=" " ind2=" ">
    <subfield code="a">120</subfield>
  </datafield>
  <datafield tag="942" ind1=" " ind2=" ">
    <subfield code="2">ddc</subfield>
    <subfield code="c">BK</subfield>
    <subfield code="0">9</subfield>
  </datafield>
  <datafield tag="952" ind1=" " ind2=" ">
    <subfield code="0">0</subfield>
    <subfield code="1">0</subfield>
    <subfield code="2">ddc</subfield>
    <subfield code="4">0</subfield>
    <subfield code="7">0</subfield>
    <subfield code="8">MC</subfield>
    <subfield code="a">SSSL</subfield>
    <subfield code="b">SSSL</subfield>
    <subfield code="c">TXT</subfield>
    <subfield code="d">2017-08-29</subfield>
    <subfield code="e">INDIAN PUBLISHER NEW DELHI</subfield>
    <subfield code="g">395.00</subfield>
    <subfield code="i">SGTU</subfield>
    <subfield code="l">1</subfield>
    <subfield code="o">384.3 M06S</subfield>
    <subfield code="p">MC468</subfield>
    <subfield code="r">2022-04-16 00:00:00</subfield>
    <subfield code="s">2022-02-19</subfield>
    <subfield code="w">2017-04-29</subfield>
    <subfield code="y">BK</subfield>
    <subfield code="k">10</subfield>
  </datafield>
  <datafield tag="952" ind1=" " ind2=" ">
    <subfield code="0">0</subfield>
    <subfield code="1">0</subfield>
    <subfield code="2">ddc</subfield>
    <subfield code="4">0</subfield>
    <subfield code="7">0</subfield>
    <subfield code="8">MC</subfield>
    <subfield code="a">SSSL</subfield>
    <subfield code="b">SSSL</subfield>
    <subfield code="c">TXT</subfield>
    <subfield code="d">2017-08-29</subfield>
    <subfield code="e">INDIAN PUBLISHER NEW DELHI</subfield>
    <subfield code="g">395.00</subfield>
    <subfield code="i">SGTU</subfield>
    <subfield code="l">3</subfield>
    <subfield code="o">384.3 M06S</subfield>
    <subfield code="p">MC469</subfield>
    <subfield code="r">2021-11-25 00:00:00</subfield>
    <subfield code="s">2021-11-13</subfield>
    <subfield code="w">2017-04-29</subfield>
    <subfield code="y">BK</subfield>
    <subfield code="k">10</subfield>
  </datafield>
  <datafield tag="952" ind1=" " ind2=" ">
    <subfield code="0">0</subfield>
    <subfield code="1">0</subfield>
    <subfield code="2">ddc</subfield>
    <subfield code="4">0</subfield>
    <subfield code="7">0</subfield>
    <subfield code="8">MC</subfield>
    <subfield code="a">SSSL</subfield>
    <subfield code="b">SSSL</subfield>
    <subfield code="c">TXT</subfield>
    <subfield code="d">2017-08-29</subfield>
    <subfield code="e">INDIAN PUBLISHER NEW DELHI</subfield>
    <subfield code="g">395.00</subfield>
    <subfield code="i">SGTU</subfield>
    <subfield code="l">7</subfield>
    <subfield code="o">384.3 M06S</subfield>
    <subfield code="p">MC470</subfield>
    <subfield code="r">2025-04-01 00:00:00</subfield>
    <subfield code="s">2025-03-18</subfield>
    <subfield code="w">2017-04-29</subfield>
    <subfield code="y">BK</subfield>
    <subfield code="k">10</subfield>
  </datafield>
  <datafield tag="999" ind1=" " ind2=" ">
    <subfield code="c">13157</subfield>
    <subfield code="d">13157</subfield>
  </datafield>
</record>
